00733nam a2200229Ia 45000010006000000050017000060070003000230080041000260400025000670410008000920820026001001000027001262450065001532500014002182600037002323000018002696530020002876530030003079420012003379520137003499990017004865353120240114005348.0ta110203s2005 g b000 u asm u aCotton College,Assam aasm a891.412609bPa 273 Na aPatgiri, Dr.Jagadish . 0aNatya Aru Chetana /cDr.Jagadish Patgiri.hTextual Documents aIst ed. / aGuwahati :bChaturangam ,c2005. a98pg ;c18cm. aDeptt- Assamese aAssamese drama- criticism 2ddccBK 001040708Deptt(Assamese)aSKBLbSKBLd2012-02-01f00000l0o891.412609 Pa 273 Nap5741/Asr2024-01-14 00:00:00t1w2012-02-01yBK c53494d53494